Flags of Asia by Partial Images - Statistics

General Stats
  • This quiz has been taken 167 times
  • The average score is 34 of 48
Answer Stats
Picture Answer % Correct
China
99%
Japan
91%
Israel
90%
Vietnam
90%
Bangladesh
88%
India
88%
South Korea
88%
Lebanon
85%
Bhutan
84%
Cambodia
84%
Singapore
84%
Turkey
84%
Kyrgyzstan
82%
Laos
82%
Myanmar
82%
Nepal
79%
Cyprus
78%
Saudi Arabia
78%
Iran
77%
Philippines
77%
Indonesia
75%
Maldives
74%
Turkmenistan
74%
Kazakhstan
73%
Malaysia
73%
Sri Lanka
73%
Azerbaijan
72%
East Timor
71%
Iraq
71%
Syria
68%
Jordan
67%
Pakistan
67%
Mongolia
66%
Afghanistan
64%
Bahrain
63%
Brunei
63%
Taiwan
63%
Tajikistan
61%
North Korea
59%
Qatar
59%
Georgia
57%
Uzbekistan
57%
Yemen
57%
Kuwait
54%
Oman
54%
United Arab Emirates
48%
Thailand
43%
Armenia
31%
No matching quizzes found
Score Distribution
Percent of People with Each Score
Percentile by Number Answered
Your Score History
You have not taken this quiz